[Event "Igualada op 12th"]
[Site "Igualada"]
[Date "2017.01.28"]
[Round "3"]
[White "Diaz Soro, Josep Lluis"]
[Black "Tarifa Garcia, Jose"]
[Result "1-0"]
[WhiteElo "1700"]
[BlackElo "1527"]
[PlyCount "63"]
[EventDate "2017.01.14"]
[EventType "swiss"]
[EventRounds "8"]
[EventCountry "ESP"]
[SourceTitle "EXT 2018"]
[Source "ChessBase"]
[SourceDate "2017.10.13"]
[SourceVersion "1"]
[SourceVersionDate "2017.10.13"]
[SourceQuality "1"]

1. f4 b6 2. Nf3 Bb7 3. e3 g6 4. d4 Bg7 5. Bd3 Nf6 6. c3 d6 7. 0-0 Nbd7 8. Re1 c5 9. e4 0-0 10. Na3 a6 11. Nc2 b5 12. e5 dxe5 13. dxe5 Nd5 14. Be4 e6 15. Qe2 N7b6 16. Bd2 Nc4 17. b3 Nxd2 18. Qxd2 Qb6 19. c4 bxc4 20. bxc4 Ne7 21. Rab1 Qd8 22. Rxb7 Qxd2 23. Nxd2 Rad8 24. Nf3 Nf5 25. Reb1 Nd4 26. Ncxd4 cxd4 27. Rd1 Rb8 28. c5 f5 29. exf6 Bxf6 30. Nxd4 Bxd4+ 31. Rxd4 Rxf4 32. Rxb8+ 1-0